The St. Martin's guide to writing /

Gespeichert in:
Bibliographische Detailangaben
1. Verfasser: Axelrod, Rise B.
Weitere Verfasser: Cooper, Charles Raymond, 1934-
Format: Sách giấy
Veröffentlicht: New York : St. Martin's Press, c1997.
Ausgabe:5th ed.
Schlagworte:
Tags: Tag hinzufügen
Keine Tags, Fügen Sie den ersten Tag hinzu!
Thư viện lưu trữ: Thư viện Trường Đại học Đà Lạt
LEADER 01129nam a2200385 4500
001 DLU110120722
005 ##20110506
008 ##970218s1997 nyua 001 0 eng
010 # # |a  95073177  
020 # # |a 0312116349 
035 # # |9 (DLC) 95073177 
040 # # |a DLC  |c DLC  |d DLC 
082 # # |a 808.042  |b AX-R 
100 # # |a Axelrod, Rise B. 
245 # # |a The St. Martin's guide to writing /  |c Rise B. Axelrod, Charles R. Cooper. 
246 # # |a Saint Martin's guide to writing 
250 # # |a 5th ed. 
260 # # |a New York :  |b St. Martin's Press,  |c c1997. 
300 # # |a xxxiii, 791 p. :  |b ill. ;  |c 24 cm. 
500 # # |a Includes indexes. 
650 # # |a English language  |x Grammar  |v Handbooks, manuals, etc. 
650 # # |a English language  |x Rhetoric  |v Handbooks, manuals, etc. 
650 # # |a Report writing  |v Handbooks, manuals, etc. 
700 # # |a Cooper, Charles Raymond,  |d 1934- 
923 # # |a 01/2011NN 
991 # # |a GT 
992 # # |a 0 
994 # # |a KNN 
900 # # |a True 
911 # # |a Đào Thị Thu Huyền 
925 # # |a G 
926 # # |a A 
927 # # |a SH 
980 # # |a Thư viện Trường Đại học Đà Lạt